[Event "ROM-ch U10"]
[Site "Baile Felix"]
[Date "2017.02.08"]
[Round "8"]
[White "Marcu, Andrei Denis"]
[Black "Berechet, Eduard Mihai"]
[Result "0-1"]
[WhiteElo "1035"]
[BlackElo "1251"]
[PlyCount "148"]
[EventDate "2017.02.02"]
[EventType "swiss"]
[EventRounds "9"]
[EventCountry "ROU"]
[SourceTitle "CBM 176 Extra"]
[Source "ChessBase"]
[SourceDate "2017.03.02"]
[SourceVersion "1"]
[SourceVersionDate "2017.03.02"]
[SourceQuality "1"]

1. d4 Nf6 2. Nf3 e6 3. Bf4 c5 4. c3 Nc6 5. e3 b6 6. Bb5 Bb7 7. Bxc6 Bxc6 8. Nbd2 Be7 9. 0-0 0-0 10. h3 d5 11. b3 cxd4 12. cxd4 Rc8 13. a4 Bb7 14. Be5 Bd6 15. Bxf6 gxf6 16. Re1 Kh8 17. e4 Bb4 18. e5 f5 19. h4 h6 20. g3 Rg8 21. Re2 f4 22. Nf1 Rc3 23. Kg2 f6 24. Qd2 Rxb3 25. Qxf4 Qf8 26. exf6 Be7 27. f7 Rg7 28. Qxh6+ Rh7 29. Qxf8+ Bxf8 30. Ng5 Rg7 31. Nxe6 Rxf7 32. Ng5 Rg7 33. Re8 Kg8 34. Ne6 Rf7 35. h5 Ba6 36. h6 Rb2 37. h7+ Kxh7 38. Ng5+ Kg7 39. Nxf7 Kxf7 40. Re5 Rb3 41. Rxd5 Bb7 42. Ne3 Bxd5+ 43. Nxd5 Rd3 44. Nf4 Rxd4 45. a5 b5 46. Ne2 Rd2 47. Nf4 Bg7 48. Rb1 a6 49. Nh3 Rd8 50. Ng5+ Ke7 51. Re1+ Kf6 52. Ne6 Re8 53. g4 Rxe6 54. g5+ Kf5 55. Rf1 Kxg5 56. f4+ Kf5 57. Kg3 b4 58. Rb1 Bc3 59. Rb3 Re3+ 60. Kf2 Kxf4 61. Rb1 Re4 62. Rf1 Bd4+ 63. Kg2+ Kg4 64. Rd1 b3 65. Rb1 b2 66. Kh2 Bc3 67. Rg1+ Kh4 68. Kg2 Rg4+ 69. Kf1 b1Q+ 70. Kf2 Qxg1+ 71. Ke2 Re4+ 72. Kd3 Qe3+ 73. Kc2 Qd2+ 74. Kb3 Qb2# 0-1

[Event "ROM-ch U10"]
[Site "Baile Felix"]
[Date "2017.02.03"]
[Round "2"]
[White "Anusca, David Alexandru"]
[Black "Marcu, Andrei Denis"]
[Result "1-0"]
[WhiteElo "1162"]
[BlackElo "1035"]
[PlyCount "77"]
[EventDate "2017.02.02"]
[EventType "swiss"]
[EventRounds "9"]
[EventCountry "ROU"]
[SourceTitle "CBM 176 Extra"]
[Source "ChessBase"]
[SourceDate "2017.03.02"]
[SourceVersion "1"]
[SourceVersionDate "2017.03.02"]
[SourceQuality "1"]

1. e4 e5 2. Nf3 Nc6 3. Nc3 a6 4. Bc4 h6 5. d4 Bd6 6. Be3 Nf6 7. 0-0 exd4 8. Nxd4 Nxd4 9. Qxd4 0-0 10. e5 Bc5 11. Qxc5 d6 12. exd6 cxd6 13. Qd4 Bf5 14. Qf4 Bxc2 15. Rac1 Bg6 16. Bd4 Nh5 17. Qf3 Re8 18. Qxb7 Rc8 19. Bxa6 Rb8 20. Qf3 Rxb2 21. Bb5 Re7 22. Rfe1 Rc2 23. Ba4 Rxe1+ 24. Rxe1 Rd2 25. Re8+ Qxe8 26. Bxe8 Rxd4 27. h3 Rd3 28. Qc6 Nf6 29. Nb5 Rd1+ 30. Kh2 Be4 31. Qc4 d5 32. Qc7 Nxe8 33. Qd8 Kh7 34. Qxe8 Rd2 35. Qxf7 d4 36. Qd7 Rxf2 37. Qg4 Bf5 38. Qxd4 Kg6 39. Qxf2 1-0